| 000 | 00749nam a2200253 a 4500 | ||
|---|---|---|---|
| 001 | BRL_345 | ||
| 005 | 20190320210710.0 | ||
| 008 | 300713s1987----mx-a######---#000-0#spa-# | ||
| 020 | _a9684980395 | ||
| 041 | _aspa | ||
| 044 | _amx | ||
| 050 | 4 |
_aF1219.3 _b.M38 1987 |
|
| 100 | 1 |
_aMatos Moctezuma, Eduardo _94820 |
|
| 245 | 1 | 0 |
_aEl rostro de la muerte en el México prehispánico _cEduardo Matos Moctezuma. |
| 260 |
_aMéxico _bGV Editores _c1987 |
||
| 300 |
_a94 p. _bil. (algunas a color) _c30 cm. |
||
| 500 | _aAu339 | ||
| 650 | 1 | 4 |
_aIndígenas de México _xReligión _95291 |
| 650 | 1 | 4 |
_aMuerte _xMitología _zMéxico _923616 |
| 650 | 1 | 4 |
_aAztecas _xReligión _95290 |
| 650 | 1 | 4 |
_aArte indígena _zMéxico _9597 |
| 902 | _aGRL | ||
| 942 |
_2lcc _cB |
||
| 999 |
_c9158 _d9158 |
||